ბათუმის შოთა რუსთაველის სახელმწიფო უნივერსიტეტის ბიბლიოთეკა

გადასახადები.№12,დეკემბერი. დამატება. 2014. (ბიბ.ჩანაწერი № 47090)

000 -LEADER
fixed length control field 00818nam a2200181Ia 4500
001 - CONTROL NUMBER
control field 13947
003 - CONTROL NUMBER IDENTIFIER
control field GE_BSU
008 - FIXED-LENGTH DATA ELEMENTS--GENERAL INFORMATION
fixed length control field 181216s||||||||xx |||||||||||||| ||und||
040 ## - CATALOGING SOURCE
Transcribing agency GE_BSU
245 ## - TITLE STATEMENT
Title გადასახადები.№12,დეკემბერი. დამატება. 2014.
245 ## - TITLE STATEMENT
Remainder of title სამეცნიერო-პრაქტიკული ჟურნალი
245 ## - TITLE STATEMENT
Statement of responsibility, etc. მთ.რედ.დავით ჯალაღონია,პასუხისმგებელი,მდივანი:მერინე ჯალაღონია,რედ:მადონა გელაშვილი და სხვ.
260 ## - PUBLICATION, DISTRIBUTION, ETC.
Place of publication, distribution, etc. თბილისი
260 ## - PUBLICATION, DISTRIBUTION, ETC.
Date of publication, distribution, etc. 2014
300 ## - PHYSICAL DESCRIPTION
Extent 96გვ.29სმ.
653 ## - INDEX TERM--UNCONTROLLED
Uncontrolled term გადასახადები
942 ## - ADDED ENTRY ELEMENTS (KOHA)
Koha item type პერიოდიკა
ეგზემპლარები
Withdrawn status Lost status Damaged status Not for loan Date acquired Barcode Date last seen Price effective from Koha item type
        2018-12-17 p76658 2018-12-17 2018-12-17 პერიოდიკა